000 00619nam a22001817a 4500
999 _c62287
_d62287
005 20240916141253.0
008 240916s2023 enk||||| |||| 00| 0 eng d
020 _a9781009112062x
041 _aeng
080 _a502/504 L-20
100 _aLame, Marc
_923231
245 _aEnvironmental Management :
_bConcepts and Practical Skills /
_c Marc Lame, Marcantonio, R.
264 _aCambridge :
_bCambridge University Press,
_c2023.
300 _a325 p. ;
_b25 cm.
653 _aგარემოს მენეჯმენტი
700 _aMarcantonio, R.
_eავტორი
_923232
942 _2udc
_cᲬᲘᲒᲜᲘ